Jesus the healer / (Record no. 1325)

MARC details
000 -LEADER
fixed length control field 00723cam a2200265Ka 4500
001 - CONTROL NUMBER
control field 575255
003 - CONTROL NUMBER IDENTIFIER
control field OSt
005 - DATE AND TIME OF LATEST TRANSACTION
control field 20180911090650.0
008 - FIXED-LENGTH DATA ELEMENTS--GENERAL INFORMATION
fixed length control field 990824s2000 waua 000 0 eng d
020 ## - INTERNATIONAL STANDARD BOOK NUMBER
International Standard Book Number 1577700066
035 ## - SYSTEM CONTROL NUMBER
System control number (OCoLC)ocm42217767
035 ## - SYSTEM CONTROL NUMBER
System control number (OCoLC)ocm42217767
040 ## - CATALOGING SOURCE
Original cataloging agency UOK
Transcribing agency UOK
049 ## - LOCAL HOLDINGS (OCLC)
Holding library PTSS
082 ## - DEWEY DECIMAL CLASSIFICATION NUMBER
Classification number 234.1
Item number K37J
090 ## - LOCALLY ASSIGNED LC-TYPE CALL NUMBER (OCLC); LOCAL CALL NUMBER (RLIN)
Classification number (OCLC) (R) ; Classification number, CALL (RLIN) (NR) BT732.5
Local cutter number (OCLC) ; Book number/undivided call number, CALL (RLIN) .K46 2000
092 ## - LOCALLY ASSIGNED DEWEY CALL NUMBER (OCLC)
Classification number 234.131 KENYON 1997
100 1# - MAIN ENTRY--PERSONAL NAME
Personal name Kenyon, Essek William,
Dates associated with a name 1867-1948.
245 10 - TITLE STATEMENT
Title Jesus the healer /
Statement of responsibility, etc. E.W. Kenyon.
250 ## - EDITION STATEMENT
Edition statement [26th ed. (printing)]
260 ## - PUBLICATION, DISTRIBUTION, ETC.
Place of publication, distribution, etc. Lynnwood, Wash. :
Name of publisher, distributor, etc. Kenyon's Gospel Pub. Society,
Date of publication, distribution, etc. c1995.
300 ## - PHYSICAL DESCRIPTION
Extent 88 p. :
Other physical details ill. ;
Dimensions 21 cm.
650 #0 - SUBJECT ADDED ENTRY--TOPICAL TERM
Topical term or geographic name entry element Spiritual healing.
942 ## - ADDED ENTRY ELEMENTS (KOHA)
Source of classification or shelving scheme Dewey Decimal Classification
Koha item type Books
Holdings
Withdrawn status Lost status Source of classification or shelving scheme Damaged status Not for loan Collection code Home library Current library Shelving location Date acquired Cost, normal purchase price Total Checkouts Full call number Barcode Date last seen Price effective from Koha item type
    Dewey Decimal Classification     Non-fiction Harvest Mission College Harvest Mission College General Stacks 11.09.2018 150.00   234.1 K37J 001429 11.09.2018 11.09.2018 Books

OPAC Designed and Maintained by HMC Library Team.
Copyright © HMC Library,Greater Noida, UP.
For any Suggestions/Query Contact library via Email:libhmc@gmail.com